000 00746nam a22002417a 4500
001 BR9600073
003 BR-BrBNA
005 20230928094910.0
007 ta
008 230509b bl.||||| |||| 00| 0 por d
040 _aBR-BrBNA
_bpor
_cBiblioteca Nacional de Agricultura
041 _a(Por)
072 _aC20
090 _ C20 BR9600073
110 1 _aAssociacao Brasileira de Credito e Assistencia Rural, Rio de Janeiro, RJ (Brasil)
_9230
245 1 _aAssistencia tecnica-educativa para o desenvolvimento da agropecuaria e da comunidade rural
260 3 _aRio de Janeiro, RJ (Brasil):
_c1973.
300 _a10 p.
650 _aExtensao Rural
650 _aAssistencia Tecnica
909 _a202309
_bLucia
_c55
_dLucia Elande
942 _cBK
999 _c53312
_d53312